Temporary society (Record no. 341229)

000 -LEADER
fixed length control field 00439cam a22001457a 4500
008 - FIXED-LENGTH DATA ELEMENTS--GENERAL INFORMATION
fixed length control field 180718b1968 xxu||||| |||| 00| 0 eng d
082 ## - DEWEY DECIMAL CLASSIFICATION NUMBER
Classification number B19x73 B439
100 ## - MAIN ENTRY--PERSONAL NAME
Personal name Bennis, Warren G.
245 ## - TITLE STATEMENT
Title Temporary society
Statement of responsibility, etc. by Warren G. Bennis and Philip E. Salter
260 ## - PUBLICATION, DISTRIBUTION, ETC.
Place of publication, distribution, etc. New York
Name of publisher, distributor, etc. Harper
Date of publication, distribution, etc. 1968
300 ## - PHYSICAL DESCRIPTION
Extent 147p.
650 ## - SUBJECT ADDED ENTRY--TOPICAL TERM
Topical term or geographic name entry element United States - Social Conditions.
650 ## - SUBJECT ADDED ENTRY--TOPICAL TERM
Topical term or geographic name entry element Social Change - United States
700 ## - ADDED ENTRY--PERSONAL NAME
Personal name Salter, Philip E.
Holdings
Withdrawn status Lost status Damaged status Not for loan Permanent Location Current Location Date acquired Full call number Barcode Date last seen Price effective from Koha item type
        Indian Institute of Public Administration Indian Institute of Public Administration 1993-09-16 B19x73 B439 42465 2018-07-21 2018-07-21 Book

Powered by Koha